000 00353nam a2200133Ia 4500
008 230411s9999 xx 000 0 und d
041 _aeng
082 _aAD/610.6/CHA/B02512
100 _aChandorkar AG
245 _aHospital Administration and Planning
260 _bParas Publishing
_aHyderabad
_c2003
300 _a412p
999 _c153696
_d153696